000
00226nam a2200097Ia 4500
005
20251222175817.0
008
251222s9999||||xx |||||||||||||| ||spa||
082
_a
DVD0040/Z98/2006
245
0
_a
Diamante de sangre:
942
_c
DVD
999
_c
40369
_d
40369